[Event "Asian Schools-ch U15 12th Blitz"]
[Site "Tehran"]
[Date "2016.07.16"]
[Round "1.4"]
[White "Vakhidov, Daler"]
[Black "Rilloraza, Istraelito"]
[Result "1-0"]
[WhiteElo "2087"]
[BlackElo "1751"]
[PlyCount "78"]
[EventDate "2016.07.16"]
[EventType "swiss"]
[EventRounds "9"]
[EventCountry "IRI"]
[SourceTitle "EXT 2024"]
[Source "ChessBase"]
[SourceDate "2023.10.10"]
[SourceVersion "1"]
[SourceVersionDate "2023.10.10"]
[SourceQuality "1"]

1. c4 c5 2. Nc3 Nc6 3. g3 g6 4. Bg2 Bg7 5. Nf3 e6 6. d3 Nge7 7. Bg5 d5 8. 0-0 h6 9. Bd2 0-0 10. a3 Rb8 11. Qc1 Kh7 12. Rb1 a6 13. b4 cxb4 14. axb4 b5 15. cxd5 exd5 16. Qa3 Qb6 17. Rfc1 Bf5 18. Nd1 d4 19. Rc5 Rfc8 20. Bf4 Rb7 21. Rbc1 a5 22. bxa5 Qxa5 23. Qxa5 Nxa5 24. Rxc8 Bxc8 25. Ne5 Ra7 26. Nxf7 g5 27. Be5 b4 28. Bxg7 Kxg7 29. Nd6 Bd7 30. Rb1 b3 31. Nb2 Nec6 32. Ndc4 Be6 33. Nxa5 Nxa5 34. Rc1 Kf6 35. Be4 Nb7 36. Kg2 Nd6 37. Bf3 Ra2 38. Rb1 Nb5 39. Nc4 Na3 1-0

[Event "ASEAN-ch U12 14th"]
[Site "Chiangmai"]
[Date "2013.06.12"]
[Round "7"]
[White "Rilloraza, Istraelito"]
[Black "Low, Zhen Yu Cyrus"]
[Result "0-1"]
[WhiteElo "1700"]
[BlackElo "1734"]
[PlyCount "76"]
[EventDate "2013.06.08"]
[EventType "swiss"]
[EventRounds "9"]
[EventCountry "THA"]
[SourceTitle "EXT 2014"]
[Source "ChessBase"]
[SourceDate "2013.11.20"]
[SourceVersion "1"]
[SourceVersionDate "2013.11.20"]
[SourceQuality "1"]

1. e4 c5 2. Nf3 d6 3. g3 Nc6 4. Bg2 Nf6 5. d3 g6 6. 0-0 Bg7 7. Nbd2 0-0 8. c3 Rb8 9. Re1 b5 10. Nf1 b4 11. c4 Nd7 12. h4 a5 13. N1h2 Nb6 14. Ng5 h6 15. Nh3 Nd4 16. Rb1 Bd7 17. f4 Na4 18. h5 b3 19. axb3 Nxb3 20. f5 gxf5 21. exf5 Nxc1 22. Qxc1 Bxf5 23. Nf2 Nxb2 24. Nhg4 Kh7 25. Qf4 e6 26. Be4 Bxe4 27. Qxe4+ f5 28. Qxe6 fxg4 29. Nxg4 Qg5 30. Rf1 Rfe8 31. Qd7 Rbd8 32. Qb7 Qxg4 33. Rf3 Rd7 34. Qc6 Bd4+ 35. Kg2 Re2+ 36. Kf1 Qh3+ 37. Kxe2 Qg2+ 38. Ke1 Bc3# 0-1

[Event "ASEAN-ch U12 14th"]
[Site "Chiangmai"]
[Date "2013.06.10"]
[Round "5"]
[White "Rilloraza, Istraelito"]
[Black "Wong, Yinn Long"]
[Result "1-0"]
[WhiteElo "1700"]
[BlackElo "1805"]
[PlyCount "93"]
[EventDate "2013.06.08"]
[EventType "swiss"]
[EventRounds "9"]
[EventCountry "THA"]
[SourceTitle "EXT 2014"]
[Source "ChessBase"]
[SourceDate "2013.11.20"]
[SourceVersion "1"]
[SourceVersionDate "2013.11.20"]
[SourceQuality "1"]

1. e4 e6 2. d4 d5 3. Nd2 dxe4 4. Nxe4 Bd7 5. c3 Bc6 6. Ng3 Nf6 7. Nf3 Nbd7 8. Bd3 Be7 9. 0-0 0-0 10. Bd2 Bxf3 11. Qxf3 c6 12. Rad1 Qb6 13. b3 Rfd8 14. Rfe1 Bf8 15. Ne4 Qa5 16. Bb1 Qh5 17. Qg3 Nxe4 18. Bxe4 Nf6 19. Bf3 Qf5 20. Bg5 Be7 21. Bxf6 Bxf6 22. Be4 Qa5 23. Rd3 g6 24. Rde3 Bg7 25. h4 Rd7 26. b4 Qxa2 27. h5 Rf8 28. hxg6 hxg6 29. R1e2 Qc4 30. Qh4 Re8 31. Qg4 Rde7 32. Bb1 Qd5 33. Rh3 Bf6 34. Bxg6 fxg6 35. Qxg6+ Bg7 36. Re5 Qb3 37. Reh5 Qd1+ 38. Kh2 Qxh5 39. Qxh5 Rf7 40. Rf3 Ref8 41. Rxf7 Rxf7 42. f3 Rf6 43. Qe8+ Bf8 44. Qd7 Rf7 45. Qxe6 Kg7 46. Qg4+ Kf6 47. f4 1-0

[Event "ASEAN-ch U12 14th"]
[Site "Chiangmai"]
[Date "2013.06.08"]
[Round "1"]
[White "Yeo, Ruizhi Carwyn"]
[Black "Rilloraza, Istraelito"]
[Result "0-1"]
[WhiteElo "1586"]
[BlackElo "1700"]
[PlyCount "106"]
[EventDate "2013.06.08"]
[EventType "swiss"]
[EventRounds "9"]
[EventCountry "THA"]
[SourceTitle "EXT 2014"]
[Source "ChessBase"]
[SourceDate "2013.11.20"]
[SourceVersion "1"]
[SourceVersionDate "2013.11.20"]
[SourceQuality "1"]

1. e4 c5 2. Nf3 a6 3. c3 d5 4. exd5 Qxd5 5. d4 cxd4 6. Be3 Bg4 7. Be2 Nc6 8. 0-0 d3 9. Qxd3 Bxf3 10. gxf3 Qxd3 11. Bxd3 Nf6 12. Nd2 e6 13. Nc4 Be7 14. a4 0-0 15. Rad1 Rad8 16. Be4 Nxe4 17. fxe4 b5 18. axb5 axb5 19. Nd2 b4 20. Nb3 Rb8 21. Nd4 Nxd4 22. Bxd4 b3 23. Ra1 Ra8 24. Kg2 f6 25. f3 e5 26. Be3 Kf7 27. Kf2 Ke6 28. Ke2 f5 29. Rfd1 g5 30. exf5+ Kxf5 31. Rxa8 Rxa8 32. Rd7 Ke6 33. Rb7 Ra1 34. Kf2 Rh1 35. Rb6+ Kf5 36. Kg3 Re1 37. Bf2 Re2 38. Rxb3 h5 39. Rb5 h4+ 40. Kg2 Rc2 41. Kf1 Kf4 42. Ke1 Bd6 43. Rd5 Kxf3 44. Rxd6 Re2+ 45. Kd1 Rxf2 46. Rd2 Rxd2+ 47. Kxd2 g4 48. Ke1 g3 49. hxg3 hxg3 50. Kf1 g2+ 51. Kg1 e4 52. b4 e3 53. b5 e2 0-1